000 00833nam a2200229 4500
001 143331
003 ES-MaACL
005 20250803093742.0
007 t|
008 070214s1968 sp r ||||1| spa d
080 _a914.641.M.(088.3)
080 _a946.41M.(088.3)
100 1 _aSerrano Anguita, Francisco.
_9105731
245 1 0 _aAquí, Madrid
_b: (selección de su obra en prosa) /
_cFrancisco Serrano Anguita ; con prólogo de Federico Carlos Sainz de Robles.
260 _aMadrid :
_bAyuntamiento,
_c1968 (
_fArtes Gráf. Municipales)
300 _a273 p., 1 lám. :
_bil. ;
_c25 cm.
651 4 _aMadrid-
_xCuriosidades
_98951
700 1 _aSainz de Robles, Federico Carlos,
_d1898-1982
_9101593
710 1 _aMadrid.
_bAyuntamiento
_9234069
852 _aES-MaACL
_jE-6253
_bR.90721
999 _c143331
_d143331